[Event "Budapest FS10 GM"]
[Site "Budapest"]
[Date "1993.??.??"]
[Round "1"]
[White "Prie, Eric"]
[Black "Lukacs, Peter"]
[Result "1/2-1/2"]
[WhiteElo "2445"]
[BlackElo "2485"]
[Annotator "Ernst,T"]
[PlyCount "46"]
[EventDate "1993.10.??"]
[EventType "tourn"]
[EventRounds "11"]
[EventCountry "HUN"]
[EventCategory "9"]
[SourceTitle "CBM 038"]
[Source "ChessBase"]
[SourceDate "1994.02.01"]
[SourceVersion "1"]
[SourceVersionDate "1994.02.01"]
[SourceQuality "1"]

1. e4 {Donev} e5 2. Nf3 Nc6 3. Bb5 a6 4. Bxc6 dxc6 5. O-O Bd6 6. d4 (6. c3 c5 (
6... f6 7. d4 Bg4 8. Be3 Qe7 9. Nbd2 O-O-O 10. Qc2 $14 {Rozentalis,E-Wells,P/
Bern op/1992/}) 7. d4 cxd4 8. cxd4 exd4 9. Qa4+ Bd7 10. Qxd4 f6 $10 {Wittmann,
W-Chiburdanidze,M/Graz/1991/}) 6... exd4 7. Qxd4 f6 8. Be3 (8. b3 Qe7 9. Nbd2
Be6 (9... Nh6 10. Nc4 Nf7 11. Nxd6+ cxd6 12. Bf4 O-O 13. Rfe1 $14 {Martin,
A-Hebden/GB(ch) 56-(358)/1992/}) 10. Nc4 Bc5 11. Qd3 Rd8 12. Qe2 $14 {Timman,
J-Piket,J/Brussels SWIFT 25/1992/}) (8. Re1 Ne7 9. e5 (9. c4 {Donev} c5 10. Qc3
O-O 11. e5 $6 fxe5 12. Nxe5 Nf5 $1 {><d4} 13. f4 Qh4 14. g3 Qh3 15. Nd2 Nd4 $1
16. Ndf3 b6 $1 17. Nxd4 cxd4 18. Qf3 Rb8 19. Bd2 Bb7 $17 {/\Rae8 Valencak,
S-Donev,I Zürich(tt)1993}) 9... fxe5 10. Nxe5 O-O 11. Bg5 (11. Nc3 Be6 12. Qh4
Qe8 13. Nf3 Ng6 14. Qe4 Bd5 {Orlando,L-Flear,C/Roma op/1990/} 15. Nxd5 Qxe4 16.
Nf6+ $1 Rxf6 17. Rxe4 $14) (11. Qc4+ $6 Nd5 12. Nc3 Qf6 13. Nd3 Qf7 $15 {
Daehr,C-Zieher,H/BL8384/1984/} 14. Re4) 11... Be6 (11... Qe8 12. Qc4+ $6 Nd5
13. Nc3 Be6 $17 {Jenkins,DM-Enterfeldt,L/CCYB03/1991/}) 12. Nc3 Qe8 13. Nc4 (
13. Nf3 Nd5 14. Nxd5 cxd5 $10) (13. Ng4 Nf5 14. Qe4 Bd7 15. Qc4+ Qf7 16. Qxf7+
Rxf7 17. Ne5 Bxe5 18. Rxe5 Nd4 {Belic,M-Flear,C/Val Maubuee op/1989/} 19. Rc1
$1 Bf5 20. Be3 $14 Nxc2 $2 21. Rxf5 Rxf5 22. Rxc2 $18) 13... Nf5 $10 {Wahls,
M-Polgar,Zsu/Adelaide-WchJ/1988/}) (8. Nbd2 Be6 9. b3 (9. Qc3 Qe7 10. Nd4 Bb4
11. Qf3 O-O-O 12. c3 Bd6 13. Nxe6 Qxe6 $10 {Brinck Claussen,B-Wedberg,T/
Copenhagen op/1991/}) (9. Nb3 Ne7 (9... b6 $10) 10. Nc5 Bc8 11. Qc4 Ng6 12. e5
Bxe5 13. Nxe5 fxe5 14. f4 Qd5 15. Qxd5 cxd5 16. fxe5 b6 $10 {Zude,A-Wahls,M/
BL8990/1989/}) (9. Re1 Ne7 10. e5 fxe5 11. Nxe5 O-O $10 {Brinck Claussen,
B-Wedberg,T/Novi Sad ol/1990/}) 9... Ne7 10. Nc4 Bb4 $10 {Milligan Scott,
H-Flear,C/Blackpool ztW/1990/}) 8... Ne7 9. Nbd2 Be6 10. Rad1 (10. Rfd1 c5 11.
Qc3 b6 12. Nc4 O-O $10 {Hort,V-Nunn,J/Munich/1991/}) (10. Qd3 O-O $6 11. Nc4
Ng6 12. Nd4 $16 {Brynell,S-Balashov,Y/Berliner Sommer/1991/}) (10. Qc3 Ng6 (
10... O-O 11. Nd4 Bf7 12. Rad1 Qe8 13. Nc4 Rd8 $10 {De Sousa,J-Shabtai,R/
Paris-ch/1993/}) 11. Nc4 Bxc4 (11... Bf4 12. Rfe1 O-O 13. Bc5 $16 {Brynell,
S-Carlhammar,M/SVE-ch/1991/}) 12. Qxc4 Qe7 $10 {Holzer-Ernst/Oberwart/1991/})
10... O-O (10... Ng6 {Donev} 11. Nc4 Bxc4 12. Qxc4 Qe7 $10 {1/4 Prie,E-Flear,G
Clichy 1993}) 11. Nc4 (11. h3 {Donev} Qe8 12. Nc4 c5 13. Qc3 Rd8 $13) 11... Bb4
(11... Bxh2+ $5 {Donev} 12. Kxh2 Qxd4 13. Rxd4 c5 14. Rd5 $8 Nxd5 15. exd5 Bxd5
16. Ncd2 (16. Nfd2 b5 17. Na5 c4 $15) 16... b6 $10) 12. b3 (12. a3 $2 {Donev}
Qxd4 13. Nxd4 Bxc4 14. axb4 Bxf1 15. Kxf1 $17) (12. Nb6 $5 {Donev} c5 13. Qxd8
Raxd8 14. a3 Bxa3 (14... cxb6 15. axb4 $10) (14... Ba5 $6 15. Bxc5 Bxb6 16.
Bxe7 Rxd1 17. Rxd1 Re8 18. Bb4 Bg4 $14) 15. Na4 Bb4 16. Bxc5 Bxc5 17. Nxc5 Bc8
18. Nd4 Kf7 $10) 12... Ng6 (12... Qxd4 {Donev} 13. Nxd4 (13. Rxd4 $6 Bc5 14.
Rd3 Bxc4 15. bxc4 Bxe3 16. Rxe3 $10) 13... Bxc4 14. bxc4 Kf7 15. Rb1 c5 $13)
13. Nb6 Qxd4 14. Nxd4 (14. Rxd4 {Donev} cxb6 (14... c5 15. Rxb4 $1 cxb4 16.
Nxa8 Rxa8 17. Rd1 $14 Bg4 18. h3 Bxf3 19. gxf3) 15. Rxb4 b5 16. h3 $10) 14...
Rae8 15. Nxe6 Rxe6 16. Nd7 Rfe8 (16... Rf7 $5 {Donev} 17. f3 f5 18. Nc5 $1 Bxc5
(18... Re8 $142 19. Nxb7 fxe4 20. fxe4 Rxf1+ 21. Kxf1 Rxe4 22. Ke2 $14) 19.
Bxc5 fxe4 $2 20. Rd8+ Nf8 21. fxe4 Rxf1+ 22. Kxf1 Rf6+ 23. Ke2 $16) 17. Bc5
Rxe4 18. f3 (18. c4 $6 {Donev} Bc3 19. Be3 b6 $17) 18... Bxc5+ 19. Nxc5 Re2 (
19... Rb4 $6 {Donev} 20. Rd7 Re7 21. Rfd1 $44) 20. Rf2 Re1+ (20... Nf4 {Donev}
21. Nxb7 Rxf2 22. Kxf2 Re2+ 23. Kg3 Nxg2 $15) 21. Rxe1 Rxe1+ 22. Rf1 Re2 (22...
Rxf1+ 23. Kxf1 $16) 23. Rf2 Re1+ 1/2-1/2

[Event "Novy Smokovec"]
[Site "Novy Smokovec"]
[Date "1992.??.??"]
[Round "?"]
[White "Malisauskas, Vidmantas"]
[Black "Romanishin, Oleg M"]
[Result "1/2-1/2"]
[WhiteElo "2530"]
[BlackElo "2555"]
[Annotator "Ernst,T"]
[PlyCount "72"]
[EventDate "1992.??.??"]
[EventType "tourn"]
[EventRounds "9"]
[EventCountry "CSR"]
[EventCategory "10"]
[SourceTitle "CBM 033"]
[Source "ChessBase"]
[SourceDate "1993.04.01"]
[SourceVersion "1"]
[SourceVersionDate "1993.04.01"]
[SourceQuality "1"]

1. e4 e5 2. Nf3 Nc6 3. Bb5 a6 4. Bxc6 dxc6 5. O-O Qd6 6. Na3 Be6 7. Ng5 (7. b3
f6 8. d4 O-O-O 9. Bb2 exd4 10. Nxd4 Nh6 11. Qe2 $6 Bf7 12. c4 Qf4 $17 {Romero
Holmes-Hort/ Amsterdam 1987}) (7. Qe2 f6 8. Rd1 g5 (8... O-O-O 9. d4 Bg4 10. d5
cxd5 11. Rxd5 Qc6 12. Rxd8+ Kxd8 13. b3 Kc8 $15 {Dobosz-Smejkal/ Trencianske
Teplice 1979}) 9. d4 g4 10. Ne1 O-O-O 11. Be3 h5 12. d5 cxd5 13. exd5 Bf7 14.
c4 Qd7 $1 15. d6 $1 Qc6 $6 (15... cxd6 16. c5 d5 $1 (16... Kb8 $6 17. cxd6 Nh6
18. Bb6 Rc8 19. Bc7+ Ka8 20. Nb5 $3 axb5 21. a4 b4 22. Qb5 Rxc7 23. Qa5+ Kb8
24. dxc7+ Qxc7 25. Rd8+ $18) 17. c6 bxc6 18. Qxa6+ Qb7 19. Qa4 d4 20. Rac1 Bd5
$13) 16. c5 Nh6 17. b4 Qa4 18. Nc4 Rd7 $2 19. Na5 c6 20. Nd3 Nf5 21. a3 Kb8 22.
Nb2 Qb5 23. Qe1 $1 $18 {Timman-Short m/7 1993}) 7... Bd7 8. Nc4 Qg6 9. d3 (9.
d4 f6 10. f4 $1 (10. Nf3 O-O-O (10... Qxe4 $2 {Comp Fritz} 11. Ncxe5 (11. Re1)
11... Qd5 12. Re1 O-O-O 13. c4 $16 {/+ -}) 11. Qd3 exd4 12. Bf4 c5 $17 {
Malisauskas-Tisdall/ Manila olm 1992}) 10... exf4 11. Nf3 O-O-O 12. Bxf4 Qxe4
13. Qd2 $44 {Brynell-Barkhagen/ SWE-ch 1991}) (9. f4 f6 10. Nf3 Qxe4 11. d3
Bc5+ 12. Kh1 Qd5 $10 {Bus-Malaniuk/ Copenhagen 1991}) 9... f6 10. Nf3 Ne7 (
10... O-O-O 11. a4 h5 12. Be3 h4 13. Ne1 Be6 14. b3 Bb4 $17 {
Hmelnickij-Romanishin/ Herson 1989}) 11. Be3 Bg4 12. Ncd2 Qh5 13. h3 Be6 14. d4
exd4 15. Nxd4 Qxd1 16. Rfxd1 Bf7 17. N2b3 Nc8 18. Bf4 Bd6 19. Bxd6 Nxd6 20. Nf5
O-O-O (20... Nxf5 21. exf5 Rd8 22. Nc5 $16) 21. Nxg7 Nxe4 22. Nf5 Nd6 23. Nxd6+
cxd6 24. f3 Rhe8 25. Kf2 Re5 26. Nc1 Bg6 27. Rd2 Rb5 28. c3 Bf7 29. Ne2 Kc7 30.
Nf4 Rf5 31. g3 a5 32. a3 Re8 33. Re1 Rxe1 34. Kxe1 b5 35. Kf2 c5 36. Ng2 Re5
1/2-1/2

[Event "Gausdal GM-A"]
[Site "Gausdal"]
[Date "2005.04.18"]
[Round "6"]
[White "Bogner, Sebastian"]
[Black "Carlsen, Magnus"]
[Result "0-1"]
[WhiteElo "2409"]
[BlackElo "2548"]
[Annotator "Finkel,A"]
[PlyCount "62"]
[EventDate "2005.04.13"]
[EventType "tourn"]
[EventRounds "9"]
[EventCountry "NOR"]
[EventCategory "10"]
[SourceTitle "CBM 107"]
[Source "ChessBase"]
[SourceDate "2005.08.01"]
[SourceVersion "1"]
[SourceVersionDate "2005.08.01"]
[SourceQuality "1"]

1. e4 e5 2. Nf3 Nc6 3. Bb5 a6 4. Bxc6 dxc6 5. O-O Bg4 6. h3 Bh5 7. g4 $5 {
This very interesting line leads to a complicated struggle with mutual chances.
It seems White should be able to get an advantage either by returning his
extra pawn at the right moment or by keeping it!} Bg6 8. Nxe5 Bd6 (8... Qh4 9.
Qf3 f6 10. Nxg6 hxg6 11. Kg2 O-O-O 12. d3 Bd6 13. Rh1 Ne7 14. Nc3 g5 15. Ne2 {
+/- Gipslis,A/ECO/Fuchs-Trifunovic/Berlin/1962}) 9. Nxg6 (9. d4 Bxe5 10. dxe5
Qxd1 11. Rxd1 Bxe4 $13) 9... hxg6 10. Qf3 (10. Kg2 Qe7 11. d3 g5 12. Nd2 O-O-O
13. Nc4 f6 14. Qf3 Nh6 15. Be3 Nf7 16. Rad1 $14 {Petersen,S-Agergaard,L/Lyngby
1991}) 10... Qh4 (10... Be5 11. c3 (11. d3 Qh4 12. Kg2 O-O-O 13. g5 Rf8 14.
Qg4+ Qxg4+ 15. hxg4 Ne7 16. f4 Bd6 17. Nc3 $16 {Garcia del Rey,S-Gutierrez
Canseco,P/Spain 1993}) (11. Nc3 Ne7 12. Ne2 c5 13. d3 Nc6 14. Kg2 Qd6 15. Bf4
O-O-O 16. Qg3 g5 17. Bxe5 Nxe5 18. f4 gxf4 19. Nxf4 f6 20. b3 $16 {Wittmann,
W-Pilz,D/Austria 1998}) 11... c5 12. Na3 b5 13. Nc2 c4 14. d4 cxd3 15. Rd1 c5
16. Rxd3 Qc7 17. Ne3 $16 {Guseinov,G-Davidov,S/Baku 2000}) (10... Qd7 11. d3
O-O-O 12. Kg2 Ne7 13. Bf4 f5 14. Bxd6 cxd6 15. Nd2 d5 16. e5 Rh4 $13 {Schelle,
A-Appel,H/Freising 2001}) 11. Kg2 Nf6 $146 {This move was most likely analysed
by Norwegian youngster at his home-lab.} (11... Bf4 $5 12. Nc3 (12. d3 $5 g5 (
12... Bxc1 13. Rxc1 g5 14. Nc3 Ne7 15. Ne2 Ng6 16. Rh1 Qh6 17. Qe3 $14) 13.
Bxf4 gxf4 14. Nd2 Ne7 15. Rh1 Ng6 16. Qe2 $16) 12... Ne7 13. d4 g5 14. Ne2 (14.
Bxf4 gxf4 15. Ne2 Ng6 16. Rh1 Qg5 17. Qb3 Nh4+ 18. Kf1 O-O-O 19. f3 $13) 14...
Ng6 15. Rh1 Qh6 {/\Nh4+} 16. Kf1 Nh4 17. Qd3 (17. Qb3 $5 O-O-O 18. Bxf4 (18.
Qxf7 $2 Rhf8 $40) 18... gxf4 19. f3 $13) 17... Bxc1 18. Rxc1 O-O-O 19. Qe3 Rhe8
$17 {Djurhuus,R-Hector,J/Malmo 1995; Wedberg}) (11... O-O-O 12. d4 f6 13. Nd2
Nh6 14. Nc4 Nf7 15. Rh1 Be7 16. c3 Nd6 17. Nxd6+ Bxd6 18. Be3 $16 {Hautala,
R-Juntunen,J/Oulu 1998}) 12. e5 (12. Nc3 O-O-O 13. d4 c5 14. dxc5 Bxc5 15. Qg3
Qh7 16. Bg5 Bd4 $44) 12... Nd5 13. d4 ({After} 13. exd6 {black has to force a
draw by} Nf4+ 14. Kh2 Qxh3+ (14... Nxh3 15. Qg3 Qh7 16. Re1+ Kd7 17. Kg2 Nf4+
18. Kf3 $18) 15. Qxh3 Rxh3+ 16. Kg1 Ne2+ 17. Kg2 Nf4+ $11) 13... Be7 14. Qg3 $6
{I see no point in this move, but it shouldn't be too bad.} (14. c4 Nb4 (14...
Nb6 15. b3 O-O-O 16. Bb2 (16. Be3 $6 c5 17. d5 Nd7 18. Bf4 Bg5 19. Bh2 Rde8 20.
Re1 Bf6 $15) 16... f6 17. Qg3 Qh6 18. e6 $14) 15. Na3 O-O-O 16. Rd1 f6 17. Bf4
$13) 14... Qh7 15. c4 Nb4 16. Na3 (16. Nc3 Nc2 17. Rb1 Nxd4 18. Rd1 O-O-O 19.
Be3 Nc2 $15) 16... O-O-O 17. Be3 $2 (17. Rd1 {[%csl Gd3]} g5 18. Qf3 Kb8 $13)
17... Nd3 18. Rab1 (18. Bg5 $2 Bxg5 19. Qxd3 Rxd4 $19 {[%csl Rh3]}) 18... g5 $1
$17 {[%cal Gh7e4] Threatening to come to e4.} 19. Qf3 (19. Rfd1 f6 20. e6 Qe4+
21. Kg1 Nf4 $17) 19... c5 $1 20. dxc5 Bxc5 21. Bxg5 (21. Qf5+ Qxf5 22. gxf5
Bxa3 23. bxa3 Nxe5 24. Bxg5 f6 25. Bf4 Nxc4 $17) (21. Bxc5 Nxc5 22. Rfd1 Rxd1
23. Rxd1 Ne6 $40 {[%cal Ge6f4]}) 21... Nxe5 22. Qf5+ Qxf5 23. gxf5 Rd3 24. Nc2
$6 (24. Bf4) 24... Rdxh3 $19 {Black's attack is very dangerous even with the
queens off the board.} 25. Be3 (25. Rh1 Rxh1 26. Rxh1 Rxh1 27. Kxh1 Nxc4 28. b3
Nd6 $19) 25... Rh2+ 26. Kg3 Bd6 27. c5 R8h3+ 28. Kf4 Rf3+ 29. Ke4 Rh4+ 30. Kd5
Nc6 31. Nd4 (31. cxd6 Rxf5#) 31... Rxf5+ $1 0-1

[Event "POL-ch 62nd"]
[Site "Poznan"]
[Date "2005.05.03"]
[Round "12"]
[White "Socko, Bartosz"]
[Black "Miton, Kamil"]
[Result "1-0"]
[WhiteElo "2583"]
[BlackElo "2592"]
[Annotator "Finkel,A"]
[PlyCount "181"]
[EventDate "2005.04.21"]
[EventType "tourn"]
[EventRounds "13"]
[EventCountry "POL"]
[EventCategory "12"]
[SourceTitle "CBM 107"]
[Source "ChessBase"]
[SourceDate "2005.08.01"]
[SourceVersion "1"]
[SourceVersionDate "2005.08.01"]
[SourceQuality "1"]

1. e4 e5 2. Nf3 Nc6 3. Bb5 a6 4. Bxc6 dxc6 5. O-O Be7 6. d4 Nf6 $5 (6... exd4
7. Qxd4 (7. Nxd4 c5 8. Nb3 (8. Ne2 b5 9. Nbc3 Bb7 10. Nd5 Bxd5 11. exd5 c4 12.
a4 Nf6 13. axb5 axb5 14. Rxa8 Qxa8 15. Nc3 O-O $11 {Gerasimchuk,O-Bochkarev,A/
Kiev 1998}) 8... Qxd1 (8... Be6 9. Nc3 Qxd1 10. Rxd1 Bd6 11. Bg5 f6 12. Bh4 {
1/2-1/2 Leventic,I-Krstic,U/Neum 2002/EXT 2003 (12)}) 9. Rxd1 Bd7 10. Be3 b6
11. Nc3 O-O-O 12. a4 Nf6 13. f3 Bc6 $13 {Bakhar,M-Sayias,N/Corfu 1989}) 7...
Qxd4 8. Nxd4 Nf6 9. Re1 Bd7 10. Nd2 O-O-O 11. N2f3 Rde8 $11 {Dehmelt,K-Djuric,
S/Philadelphia 1987}) 7. Nc3 {White has no trace of advantage in this line, so
it doesn't really matter if he takes on e5 or plays 7.Nc3.} (7. Nxe5 Nxe4 8.
Re1 Nf6 9. Nc3 O-O 10. Qd3 Be6 11. Bg5 Re8 12. Rad1 Nd5 $11) 7... exd4 8. Nxd4
O-O 9. Nde2 Be6 10. Bf4 Bc4 {Black is starting to create problems for himself,
even though the position remains balanced at this stage.} (10... Qxd1 11. Raxd1
Rac8 12. a3 Bc5 13. Nd4 Bc4 14. Rfe1 Rfd8 15. Nf5 Ng4 16. Bg3 g6 $11) 11. Re1
Bb4 12. a3 Ba5 (12... Bxe2 13. Qxd8 Rfxd8 14. axb4 Bc4 15. Bxc7 Rd2 16. Rac1
$16) 13. Ng3 Qxd1 14. Raxd1 Rfd8 $6 {This move is a mistake after which
black's doomed to passivity. It was necessary to take on c3.} (14... Bxc3 15.
bxc3 Rac8 16. Nf5 Rfe8 17. f3 Be6 18. Nd4 c5 19. Nxe6 fxe6 20. Kf2 Kf7 $132)
15. b4 $1 Bb6 16. Na4 Ne8 17. Nxb6 cxb6 18. Be3 $1 $14 c5 $6 {Giving up a pawn
doesn't make Black's defense any easier, so it was better to play} (18... b5
19. Bb6 Rxd1 20. Rxd1 Nf6 21. f3 Be6 22. Kf2 $14 {[%cal Gf6d7,Gf7f6] with
worse, but defendable position.}) 19. bxc5 bxc5 20. Bxc5 Rxd1 21. Rxd1 Rc8 22.
Bb4 Bb5 23. Nf5 $1 Kh8 (23... Rxc2 $6 24. Nd4 Rc8 25. Nxb5 axb5 26. f3 $16 {
[%csl Rb5,Rb7,Re8]}) 24. f3 Ba4 25. Ne3 f6 26. Rd4 Kg8 27. c4 Kf7 28. Kf2 Nc7 (
28... Bc6) 29. Nf5 Ne8 30. f4 Rc7 31. Ne3 Rd7 32. Rxd7+ Bxd7 33. Nd5 {[%csl
Re8]} g6 (33... a5 $5 34. Bc5 g6 35. Ke3 f5 36. e5 h6 37. Bb6 a4 38. Kd4 Ng7
39. Kc5 Bc6 40. g3 g5 $16) 34. Ke3 f5 35. e5 Ng7 $6 (35... h6 36. Kd4 Ng7 37.
Kc5) 36. Nf6 Bc6 37. Nxh7 $18 {White's win is just a matter of time.} Ne6 (
37... Bxg2 38. Ng5+ Ke8 39. e6 Nh5 40. Bd6 Nf6 41. c5 Ne4 42. Nf7 $18) 38. g3
b5 39. cxb5 Bxb5 40. Bd2 Bc6 41. Bb4 Kg8 42. Nf6+ Kf7 43. h4 Ng7 44. Nh7 Ne6
45. Be1 Ba4 46. Bf2 {[%csl Ra6][%cal Ge3d5]} Bc6 47. Kd3 Ke7 48. Kc4 Bb5+ 49.
Kd5 Be2 50. Bc5+ (50. Kc6) 50... Kf7 51. Kd6 Bc4 52. Bb6 Bb3 53. Be3 a5 (53...
Bc4 54. Nf6 Be2 55. Nd5) 54. Bb6 a4 55. Bf2 Bd1 56. Nf6 Ng7 57. Nd5 Bb3 58. Nc3
Ne6 59. Kc6 Ke7 60. Bb6 $1 Bc2 61. Kb5 {[%csl Ra4]} Kd7 62. Nxa4 Bd3+ 63. Kb4
Kc6 64. Bf2 Nc7 65. Nc3 Nd5+ 66. Nxd5 Kxd5 67. Ka5 Kc6 68. Be1 Be2 69. Bb4 Bc4
70. Bf8 Bb3 71. Ka6 Ba4 72. Ka7 Kc7 73. Bd6+ Kd7 (73... Kc6 74. Kb8 Kd7 75. Kb7
Bd1 76. Kb6 Ba4 77. Ka5 Bd1 78. a4 Kc6 79. Bf8 $18) 74. Kb6 Bd1 75. Bb4 Bc2 76.
Bc5 Bd1 77. Kb5 Be2+ 78. Kb4 Ke6 79. a4 Kd5 80. Bf8 Bd3 81. Ka5 Kc6 82. e6 Bc4
83. e7 Bf7 84. Ka6 Kc7 85. Bg7 Be8 86. a5 Kc6 87. Ka7 Kc7 88. Be5+ Kc8 89. Kb6
Kd7 90. a6 Bf7 91. Kc5 1-0

[Event "WchT 6th"]
[Site "Beersheba"]
[Date "2005.11.08"]
[Round "7.3"]
[White "Ni, Hua"]
[Black "Ibragimov, Ildar"]
[Result "1-0"]
[WhiteElo "2603"]
[BlackElo "2617"]
[Annotator "Finkel,A"]
[PlyCount "63"]
[EventDate "2005.11.01"]
[EventType "team-tourn"]
[EventRounds "9"]
[EventCountry "ISR"]
[SourceTitle "CBM 110"]
[Source "ChessBase"]
[SourceDate "2006.01.31"]
[SourceVersion "1"]
[SourceVersionDate "2006.01.31"]
[SourceQuality "1"]
[WhiteTeam "China"]
[BlackTeam "US of America"]
[WhiteTeamCountry "CHN"]
[BlackTeamCountry "USA"]

1. e4 e5 2. Nf3 Nc6 3. Bb5 a6 4. Bxc6 dxc6 5. O-O Qd6 6. Na3 b5 ({Another
possibility is} 6... Be6 7. Qe2 f6) 7. c3 c5 8. Nc2 Bb7 9. a4 (9. Re1) (9. d4)
9... b4 $6 (9... c4 10. axb5 axb5 11. Na3 c6 12. b3 cxb3 13. Qxb3 Nf6 14. d4
$14 {Bliumberg,V-Lukacs,P/Budapest 1994}) 10. Qe2 O-O-O 11. cxb4 cxb4 12. d4
exd4 13. Ncxd4 c5 14. Rd1 $1 cxd4 15. Rxd4 Qxd4 (15... Qc7 16. Rc4 Bc6 (16...
Rd1+ 17. Qxd1 Qxc4 18. Bg5 $18 {[%cal Ga1c1]}) 17. Bf4 $1 Bd6 18. e5 $18) (
15... Qe7 16. Bf4 Rxd4 17. Nxd4 Qxe4 18. Qc4+ Kd7 19. Qc7+ Ke8 20. Qb8+ Kd7 21.
Nf3 $18) 16. Nxd4 Rxd4 17. Bf4 Ne7 18. Rc1+ Nc6 19. Qe3 Bc5 (19... Kd7 20. Kf1
Rd6 21. Qb6 $18) 20. Qh3+ Kd8 21. Be3 Re8 22. Qxh7 $6 ({The simplest was} 22.
Bxd4 $1 Bxd4 23. Qd3 Re7 24. Rxc6 Rd7 25. Qc4 {winning}) 22... Ba7 23. Qxg7
Rdxe4 24. Qf6+ Kc7 25. Bf4+ Kb6 26. h4 $1 Re1+ 27. Rxe1 Rxe1+ 28. Kh2 Re6 29.
Qxf7 Re7 30. Qd5 Bb8 31. Bxb8 Nxb8 32. Qd8+ 1-0

[Event "FIDE-Wch k.o."]
[Site "Tripoli"]
[Date "2004.07.10"]
[Round "7.4"]
[White "Kasimdzhanov, Rustam"]
[Black "Adams, Michael"]
[Result "1-0"]
[WhiteElo "2652"]
[BlackElo "2731"]
[Annotator "Ftacnik,L"]
[PlyCount "79"]
[EventDate "2004.06.19"]
[EventType "k.o."]
[EventRounds "7"]
[EventCountry "LBY"]
[SourceTitle "CBM 102"]
[Source "ChessBase"]
[SourceDate "2004.09.23"]
[SourceVersion "1"]
[SourceVersionDate "2004.09.23"]
[SourceQuality "1"]

1. e4 e5 2. Nf3 Nc6 3. Bb5 a6 4. Bxc6 dxc6 5. O-O Bg4 6. h3 h5 7. d3 Qf6 8. Be3
Bxf3 9. Qxf3 Qxf3 10. gxf3 Bd6 11. Nd2 Ne7 12. Rfb1 f5 {[%mdl 4096] The
position is not drawish, since white has better bishop and some chances for
play on the queenside.} (12... c5 13. Kf1 a5 (13... Ng6 14. Nc4 f6 15. Ke2 Be7
16. Rg1 Kf7 17. a4 b6 18. Rg3 Nf8 19. f4 exf4 20. Bxf4 Ne6 21. Be3 b5 22. Na5 {
1-0 Zhang Zhong-Iuldachev,S/Jodhpur 2003/ (51)}) 14. a4 Nc6 15. c3 f6 16. Ke2
b6 17. Rg1 Kf7 18. Nc4 Rad8 19. Rg2 h4 20. Rag1 g5 21. Rd1 {1/2-1/2 De la
Villa Garcia,J-Delchev,A/La Roda 2004/ (30)}) (12... Kd7 13. b4 Ng6 14. Kf1 Nf8
15. c3 Ne6 16. Ke2 Rhf8 17. d4 f5 18. d5 cxd5 19. exd5 Nd8 20. Rg1 Rf7 21. Nc4
b5 22. Na5 {1-0 Kobalija,M-Kazhgaleyev,M/playchess.com INT 2004/ (41)}) (12...
Ng6 13. b4 f6 14. a4 (14. Kf1 Nf8 15. Nc4 Ne6 16. a4 Ke7 17. Na5 Nd8 18. c3 b6
19. Nc4 Ne6 20. d4 Rhd8 21. Ke2 Kf7 {1/2-1/2 Rozentalis,E-Relange,E/Belfort
1997/ (80)}) 14... Kf7 15. Kf1 Nf8 16. Ke2 Ne6 17. c3 Rhd8 18. Nc4 b6 19. Kd2
Be7 20. Kc2 Rd7 21. Rd1 Rad8 {0-1 Shirov,A-Topalov,V/Madrid 1997/ (82)}) 13. b4
a5 14. a3 (14. bxa5 $2 f4) 14... O-O (14... axb4 15. axb4 Rxa1 16. Rxa1 Kf7 17.
Nc4 $36) 15. Nc4 axb4 16. axb4 b5 17. Na5 (17. Nxd6 $5 cxd6 18. Ra5 f4 (18...
Rab8 19. Bg5 Kf7 20. f4 $14) 19. Bb6 Kf7 20. Rba1 Rac8 $11) 17... Ra6 18. c4
Ng6 19. Kf1 Rfa8 (19... f4 20. Bd2 Rd8 21. Nb7 Rda8 22. Ra5 Be7 23. Rc1 $14)
20. Bd2 fxe4 $6 {Adams doesn't feel the danger of simply keeping the balance.
The exchange of "f" pawns significantly improves white's structure.} (20... Be7
21. Rc1 Nh4 22. Ke2 bxc4 23. Rxc4 Kf7 24. Bc3 c5 25. b5 R6a7 26. Rca4 $13) 21.
fxe4 Be7 22. c5 Bf6 23. Rd1 Kf7 24. Ke2 Ke8 (24... Ke6 25. Be3 $14) 25. Ra3 Nf8
26. d4 $5 (26. Be3 Ne6 27. Kf3 g5 $11) 26... Ne6 (26... exd4 $5 27. f4 g6 28.
Rg1 Kf7 29. Rd3 Ne6 30. Rdg3 Nf8 $11) 27. dxe5 Bxe5 28. Be3 Bb2 (28... g5 29.
Rad3 Nf4+ 30. Bxf4 Bxf4 31. Kf3 $14) 29. Rad3 Be5 30. Rg1 Rxa5 $6 {Black is
losing patience, he have probably missed 32.f4! by white. The inferior
position had to be defended passively.} (30... Ke7 31. Ra3 Kf7 $14) 31. bxa5
Rxa5 32. f4 $1 Bxf4 (32... Nxf4+ 33. Bxf4 Bxf4 34. Rxg7 b4 35. Rdd7 Ra2+ 36.
Kf3 Bh2 37. e5 $18) 33. Rg6 Kf7 (33... Bxe3 34. Rxe6+ Kf7 35. Rxc6 Bf4 36. Rf3
g5 37. Rxc7+ $18) 34. Rxe6 Kxe6 35. Bxf4 Ra4 36. Kf3 Rc4 37. Be3 b4 38. Rd4
Rxd4 (38... Rxc5 39. Rxb4 Rc2 40. h4 $18) 39. Bxd4 g5 40. Ke3 1-0